| 000 | 01540nam a22001817a 4500 | ||
|---|---|---|---|
| 008 | 180206b xxu||||| |||| 00| 0 eng d | ||
| 020 | _a0323012272 | ||
| 050 | _aRT86.7.C66 | ||
| 100 | _aCREASIA, Joan L. | ||
| 245 |
_aConceptual foundations: the bridge to professional nursing practice. / _cJoan L Creasia and Barbara Parker |
||
| 250 | _a3rd ed. | ||
| 260 |
_aToronto: _bMosby, _c2001. |
||
| 300 |
_axv, 503p.: _bill.; _c24cm |
||
| 500 | _aIncludes index. | ||
| 505 | _aContents: Part 1: Context of professional nursing practice: Historical highlights: The foundations of professional nursing in the United States -- Pathways of nursing education -- Socialization to professional nursing -- Professional nursing roles -- Client systems -- Theories and frameworks for professional nursing practice -- Case management: A nursing role -- Leadership and management strategies -- The nursing practice environment -- Part II: Dimensions of professional nursing practice: Health policy and planning -- Economic issues in health care -- Legal aspects of nursing practice -- Ethical dimensions of nursing and health care -- Social and cultural dimensions of health and health care -- Part III: Themes in professional nursing practice: Caring -- Health and health promotion -- Complementary and alternative practices and products: Components of holistic health care -- Challenges in teaching and learning -- Critical thinking -- The change process -- Nursing research -- Health care informatics. | ||
| 700 | _aPARKER, Barbara | ||
| 942 |
_2lcc _cBK |
||
| 999 |
_c6474 _d13974 |
||